| 000 | 004200000a22001690004500 | ||
|---|---|---|---|
| 003 | LK-CoMWRAF | ||
| 008 | 230817t1986 ||||| |||| 00| 0 eng d | ||
| 040 |
_aLK-CoMWRAF _dLK-CoMWRAF _eLK-CoMWRAF |
||
| 041 | _aeng | ||
| 082 |
_a180 _bRAH |
||
| 100 | _aRahman,Afzular | ||
| 245 |
_aThe Role of Women in Society _b |
||
| 260 |
_aLondon _bSeerah Foundation _c1986 |
||
| 300 | _ap.433 | ||
| 650 | _aWomen and Islam | ||
| 942 | _cBK | ||
| 999 |
_c13 _d13 |
||